| 000 | 00954nam a2200229 a 4500 | ||
|---|---|---|---|
| 001 | 47337 | ||
| 003 | BD-RjUL | ||
| 005 | 20211209054310.0 | ||
| 008 | 160808s1978 B ||||| ||b| 00| 0 ben d | ||
| 035 | _a(BD-RjUL)47456 | ||
| 040 |
_aBD-RjUL _bben _cBD-RjUL |
||
| 041 | _aben | ||
| 082 |
_223 _a338.9 _bHIA 1978 |
||
| 100 | 1 |
_aহার্শম্যান, আলবার্ট _9144054 |
|
| 245 | 0 | 1 |
_aঅর্থনৈতিক উত্তরনের পন্হা / _cএ.টি .এম জহুরুল হক (অনুবাদক) |
| 260 |
_aঢাকা : _bখোশরোজ কিতাব মহল, _c১৯৭৮ |
||
| 300 |
_a[৫], ২৫২ পৃ. : _bচিত্র ; _c১৯ সেমি. |
||
| 650 |
_aঅর্থনৈতিক উন্নয়ন _9144055 |
||
| 650 |
_aEconomic development _9144056 |
||
| 700 |
_aহক, এ.টি .এম জহুরুল (অনুবাদক) _9144057 |
||
| 942 |
_2ddc _cBK |
||
| 999 |
_c47337 _d47337 |
||